Globalizacion : (Record no. 12118)

MARC details
000 -CABECERA
campo de control de longitud fija 00850nam a22002417a 4500
003 - IDENTIFICADOR DEL NÚMERO DE CONTROL
campo de control OSt
005 - FECHA Y HORA DE LA ÚLTIMA TRANSACCIÓN
campo de control 20260530113910.0
008 - DATOS DE LONGITUD FIJA--INFORMACIÓN GENERAL
campo de control de longitud fija 260421b1993 ck |||| |||| 00| 0 spa d
040 ## - FUENTE DE LA CATALOGACIÓN
Centro catalogador/agencia de origen ICI
Lengua de catalogación spa
Centro/agencia transcriptor ICI
050 ## - SIGNATURA TOPOGRÁFICA DE LA BIBLIOTECA DEL CONGRESO
Número de clasificación HD62.4
Número de documento/Ítem Y5618 1993
100 ## - ENTRADA PRINCIPAL--NOMBRE DE PERSONA
Nombre de persona Yip, George S., |
Término indicativo de función/relación autor
9 (RLIN) 33354
245 ## - MENCIÓN DE TÍTULO
Título Globalizacion :
Resto del título Estrategias para obtener una ventaja competitiva internacional /
Mención de responsabilidad, etc. George s. yip ; tr., Jorge Cárdenas nannetti
264 ## - PRODUCCIÓN, PUBLICACIÓN, DISTRIBUCIÓN, FABRICACIÓN Y COPYRIGHT
Producción, publicación, distribución, fabricación y copyright Bogotá, Colombia ;
Nombre del de productor, editor, distribuidor, fabricante Norma,
Fecha de producción, publicación, distribución, fabricación o copyright 1993
300 ## - DESCRIPCIÓN FÍSICA
Extensión 331 paginas
Dimensiones 22 cm.
336 ## - TIPO DE CONTENIDO
Fuente rdacontent
Término de tipo de contenido texto
337 ## - TIPO DE MEDIO
Fuente rdamedia
Nombre/término del tipo de medio sin medio
338 ## - TIPO DE SOPORTE
Fuente rdacarrier
Nombre/término del tipo de soporte volumen
650 ## - PUNTO DE ACCESO ADICIONAL DE MATERIA--TÉRMINO DE MATERIA
Término de materia o nombre geográfico como elemento de entrada Empresas internacionales
Subdivisión general Administración
9 (RLIN) 33355
650 ## - PUNTO DE ACCESO ADICIONAL DE MATERIA--TÉRMINO DE MATERIA
Término de materia o nombre geográfico como elemento de entrada Planificación estratégica
9 (RLIN) 33356
700 ## - PUNTO DE ACCESO ADICIONAL--NOMBRE DE PERSONA
Nombre de persona Cárdenas Nannetti, Jorge,
Término indicativo de función/relación traductor
9 (RLIN) 33357
700 ## - PUNTO DE ACCESO ADICIONAL--NOMBRE DE PERSONA
Nombre de persona Yip, George S.
9 (RLIN) 33358
942 ## - ELEMENTOS DE PUNTO DE ACCESO ADICIONAL (KOHA)
Fuente del sistema de clasificación o colocación Library of Congress Classification
Tipo de ítem Koha

No items available.